000 00359nam a2200145Ia 4500
008 230917s9999||||xx |||||||||||||| ||und||
040 _e71481
_aMAIN
041 _aEnglish
082 _a942 T327P
100 _aThal, Herbert Van, ed.
245 0 _aPrime ministers, 2V
260 _aLondon
_bGeorge, Allen and Unwin
_c1975
300 _a419 p.
942 _cBK
999 _c160532
_d160532